[Event "Tourn. n8062"]
[Site "www.chess-mail.com"]
[Date "2015.03.16"]
[Round "1"]
[White "Julian"]
[Black "Guidom"]
[WhiteElo "2000"]
[BlackElo "2040"]
[Result "0-1"]
[Round "1"]
1.e4 e5
2.Ng1f3 Nb8c6
3.Bf1b5 a6
4.Bb5a4 Ng8f6
5.d3 d6
6.c3 Bc8d7
7.O-O Bf8e7
8.Nb1d2 O-O
9.Rf1e1 Bd7g4
10.Qd1c2 h6
11.h3 Bg4h5
12.d4 b5
13.Ba4b3 Nc6a5
14.dxe5 dxe5
15.Nf3xe5 c5
16.c4 Qd8c7
17.Nd2f3 Be7d6
18.cxb5 Bd6xe5
19.Bc1d2 Na5xb3
20.axb3 axb5
21.Nf3xe5 Qc7xe5
22.f4 Qe5c7
23.Ra1xa8 Rf8xa8
24.e5 Nf6d5
25.g4 Bh5g6
26.f5 Bg6h7
27.Qc2e4 Ra8d8
28.e6 Qc7g3
29.Qe4g2 Qg3xg2
30.Kxg2 fxe6
31.fxe6 Rd8e8
32.g5 hxg5
33.Bd2a5 Nd5f4
34.Kg3 Re8xe6
35.Re1c1 Nf4e2
{ resign }
0-1

[Event "Tourn. n8125"]
[Site "www.chess-mail.com"]
[Date "2015.03.16"]
[Round "1"]
[White "Faerieking"]
[Black "Cristero"]
[WhiteElo "2140"]
[BlackElo "2170"]
[Result "1/2-1/2"]
[Round "1"]
1.e4 e5
2.Ng1f3 Nb8c6
3.d4 exd4
4.c3 d5
5.exd5 Qd8xd5
6.cxd4 Bc8g4
7.Bf1e2 Bf8b4
8.Nb1c3 Bg4xf3
9.Be2xf3 Qd5c4
10.Qd1b3 Qc4xb3
11.axb3 Ng8e7
12.Bc1e3 O-O-O
13.O-O Kb8
14.d5 Nc6e5
15.Bf3e2 a6
16.Rf1c1 Ne7xd5
17.Be3d4 Ne5c6
18.Bd4xg7 Rh8g8
19.Nc3xd5 Rd8xd5
{ draw }
1/2-1/2

[Event "Match"]
[Site "www.echecsemail.com"]
[Date "2015.03.16"]
[Round "1"]
[White "Johnmcbride"]
[Black "Generalfree"]
[WhiteElo "1790"]
[BlackElo "1710"]
[Result "0-1"]
[Round "1"]
1.e4 c5
2.d3 d5
3.exd5 Qd8xd5
4.c4 Qd5e5
5.Bc1e3 Qe5xb2
6.Nb1d2 g6
7.Nd2b3 Bf8g7
8.Be3xc5 Bg7c3
9.Nb3d2 Bc3xd2
10.Ke2 Bd2b4
11.Ke3 Bb4xc5
12.Kf3 Qb2xf2
13.Ke4 Qf2f5

0-1

[Event "Match"]
[Site "www.echecsemail.com"]
[Date "2015.03.16"]
[Round "1"]
[White "Billyg"]
[Black "Mrmoto"]
[WhiteElo "1570"]
[BlackElo "1560"]
[Result "1-0"]
[Round "1"]
1.e4 e6
2.a3 d5
3.Nb1c3 a6
4.Qd1e2 d4
5.Nc3a2 e5
6.h3 f6
7.Ng1f3 c5
8.d3 b5
9.c3 Nb8c6
10.c4 f5
11.exf5 h6
12.Nf3xe5 Ng8e7
13.Ne5xc6 Qd8c7
14.Nc6xe7 Qc7xe7
15.Qe2xe7 Bf8xe7
16.b4 Bc8xf5
17.Bc1b2 O-O
18.g4 Bf5d7
19.Bf1g2 Ra8a7
20.O-O a5
21.Rf1e1 Be7g5
22.Bg2d5 Kh8
23.bxc5 Bg5f6
24.c6 Bd7c8
25.Ra1c1 b4
26.axb4 axb4
27.Na2xb4 Ra7a4
28.Nb4c2 Ra4a2
29.Bb2a3 Rf8d8
30.Re1e2 Bc8a6
31.Rc1a1 Ba6xc4
32.Bd5xc4 Ra2xa1
33.Nc2xa1 Rd8a8
34.Na1c2 g5
35.Re2e6 { resign }
1-0

[Event "Match"]
[Site "www.echecsemail.com"]
[Date "2015.03.16"]
[Round "1"]
[White "F14"]
[Black "Gilliere"]
[WhiteElo "1890"]
[BlackElo "1820"]
[Result "1-0"]
[Round "1"]
1.e4 e5
2.d4 exd4
3.Qd1xd4 Nb8c6
4.Qd4d1 d6
5.Ng1f3 h6
6.Bf1b5 Bc8d7
7.O-O a6
8.Bb5a4 Ng8f6
9.Ba4b3 Bf8e7
10.Rf1e1 O-O
11.c3 b5
12.Bc1f4 b4
13.e5 dxe5
14.Nf3xe5 bxc3
15.Nb1xc3 Be7b4
16.Ne5xc6 Bd7xc6
17.Qd1xd8 Ra8xd8
18.Bf4xc7 Rd8c8
19.Bc7e5 Nf6d5
20.Nc3xd5 Bc6xd5
21.Bb3xd5 Bb4xe1
22.Ra1xe1 Rf8e8
23.Be5c3 Re8xe1
24.Bc3xe1 Rc8c1
25.Kf1 Rc1b1
26.b3 Rb1a1
27.a4 Kf8
28.Ke2 Ke7
29.f4 Kd6
30.Bd5c4 Ra1a2
31.Kf3 Ra2a1
32.Be1b4 Kc6
33.Bc4xf7 Ra1f1
34.Kg3 Rf1d1
35.Bf7c4 Kb6
36.Bb4f8 Rd1d7
37.h4 h5
38.Bc4e6 Rd7d3
39.Kh2 g6
40.Be6c4 Rd3d4
41.g3 Rd4d2
42.Kh3 Rd2d1
43.Bf8e7 Rd1d7
44.Be7g5 Rd7d6
45.g4 hxg4
46.Kxg4 Rd6d4
47.h5 gxh5
48.Kxh5 Rd4d1
49.Kg6 Rd1d6
50.Bg5f6 Kc5
51.Kf7 Rd6d7
52.Bf6e7 Kb6
53.f5 Kb7
54.Ke8 Rd7c7
55.f6 Rc7c8
56.Kf7 Rc8c7
57.Ke8 Rc7c8
58.Be7d8 Rc8c5
59.Bc4e6 Rc5e5
60.Ke7 Re5e3
61.f7 Re3xe6
62.Kxe6 { resign }
1-0

[Event "Match"]
[Site "www.echecsemail.com"]
[Date "2015.03.16"]
[Round "1"]
[White "Sorren"]
[Black "Wwgia"]
[WhiteElo "1840"]
[BlackElo "2140"]
[Result "0-1"]
[Round "1"]
1.e4 c5
2.Ng1f3 Nb8c6
3.d4 cxd4
4.Nf3xd4 g6
5.Nb1c3 Bf8g7
6.Bc1e3 Ng8f6
7.f3 O-O
8.Qd1d2 d5
9.exd5 Nf6xd5
10.Nc3xd5 Qd8xd5
11.Nd4xc6 bxc6
12.c3 Bc8f5
13.Bf1e2 Rf8d8
14.Qd2xd5 cxd5
15.O-O-O e5
16.Be3c5 a5
17.g4 Bf5e6
18.h4 Rd8c8
19.Bc5a3 d4
20.Kb1 dxc3
21.Rd1c1 Ra8b8
22.b3 a4
23.b4 Bg7f8
{ resign }
0-1

[Event "Match"]
[Site "www.echecsemail.com"]
[Date "2015.03.16"]
[Round "1"]
[White "Bbking"]
[Black "F14"]
[WhiteElo "1540"]
[BlackElo "1850"]
[Result "0-1"]
[Round "1"]
1.e4 e5
2.Ng1f3 Nb8c6
3.Bf1b5 Ng8f6
4.Bb5xc6 dxc6
5.Nb1c3 Bc8g4
6.h3 Bg4h5
7.g4 Bh5g6
8.Nf3xe5 Qd8d4
9.Ne5xg6 hxg6
10.f3 Bf8c5
11.d3 Qd4f2
{ resign }
0-1

[Event "Match"]
[Site "www.echecsemail.com"]
[Date "2015.03.16"]
[Round "1"]
[White "Yangqi"]
[Black "F14"]
[WhiteElo "1809"]
[BlackElo "1910"]
[Result "1-0"]
[Round "1"]
1.e4 e5
2.f4 Nb8c6
3.Ng1f3 d6
4.Bf1b5 exf4
5.d4 Bc8d7
6.Bc1xf4 Ng8f6
7.Nb1c3 Bf8e7
8.O-O a6
9.Bb5d3 O-O
10.a3 Bd7g4
11.Bf4e3 Bg4h5
12.Nc3e2 Bh5g6
13.Ne2g3 Nf6h5
14.Qd1e1 Nh5xg3
15.Qe1xg3 Be7f6
16.c3 Kh8
17.Ra1e1 Rf8e8
18.Be3g5 Bf6xg5
19.Qg3xg5 Qd8xg5
20.Nf3xg5 h6
21.Ng5h3 d5
22.Nh3f2 dxe4
23.Bd3xe4 Bg6xe4
24.Nf2xe4 Ra8d8
25.Rf1xf7 Re8e7
26.Rf7xe7 Nc6xe7
27.Ne4c5 Ne7d5
28.c4 Nd5f6
29.d5 c6
30.Nc5xb7 Rd8d7
31.dxc6 Rd7c7
32.Nb7a5 Kh7
33.b4 Kg6
34.b5 axb5
35.cxb5 Kf7
36.b6 { resign }
1-0

[Event "Match"]
[Site "www.echecsemail.com"]
[Date "2015.03.16"]
[Round "1"]
[White "F14"]
[Black "Bojan"]
[WhiteElo "1910"]
[BlackElo "2020"]
[Result "1-0"]
[Round "1"]
1.e4 e5
2.Ng1f3 d6
3.d4 exd4
4.Qd1xd4 h6
5.Bf1c4 Qd8f6
6.Nb1c3 c6
7.e5 dxe5
8.Qd4xe5 Bf8e7
9.Qe5c7 Nb8d7
10.O-O Be7d6
11.Rf1e1 Ng8e7
12.Qc7a5 b6
13.Qa5h5 a6
14.Re1e6 g6
15.Re6xf6 gxh5
16.Rf6xd6 b5
17.Bc4f1 Bc8b7
18.Bc1f4 Ne7f5
19.Ra1e1 Kd8
20.Rd6d3 Kc8
21.Nf3d4 Nf5h4
22.Rd3h3 Nh4g6
23.Bf4d6 h4
24.Rh3e3 Nd7f6
25.Nc3e4 Nf6d5
26.Re3f3 Rh8h7
27.Ne4c5 Kd8
28.Nc5xb7 Kd7
29.Bd6c5 Ng6e7
30.Nd4f5 Ne7xf5
31.Rf3xf5 Ra8g8
32.Rf5h5 Nd5f4
33.Rh5e5 Nf4e6
34.Bc5a3 Rh7g7
35.Nb7c5 Ne6xc5
36.Ba3xc5 { resign }
1-0

[Event "Match"]
[Site "www.echecsemail.com"]
[Date "2015.03.16"]
[Round "1"]
[White "Micheles"]
[Black "Harrytheking"]
[WhiteElo "2520"]
[BlackElo "1750"]
[Result "1-0"]
[Round "1"]
1.d4 b6
2.e4 Bc8a6
3.Bf1xa6 Nb8xa6
4.Qd1e2 Qd8c8
5.Ng1f3 h6
6.O-O Ng8f6
7.e5 Nf6h7
8.a3 c6
9.Nb1c3 e6
10.Nf3e1 Na6c7
11.Bc1d2 Bf8e7
12.Qe2g4 Nh7g5
13.f4 Ng5h7
14.Qg4xg7 Rh8f8
15.Qg7xh7 Qc8a6
16.Ne1f3 O-O-O
17.b3 Be7xa3
18.Nc3b1 Nc7b5
19.c4 Nb5c7
20.Ra1xa3 Qa6b7
21.Nb1c3 f5
22.exf6 Rf8h8
23.Qh7g6 Rd8g8
24.Qg6d3 d6
25.f7 Rg8g7
26.Nc3e4 Qb7b8
27.Ne4xd6 Kd7
28.Bd2b4 a5
29.Nf3e5 Kd8
30.Ne5xc6 Kd7
31.Nc6xb8 Rh8xb8
32.d5 { resign }
1-0

[Event "Match"]
[Site "www.echecsemail.com"]
[Date "2015.03.16"]
[Round "1"]
[White "Norbos"]
[Black "Corpang"]
[WhiteElo "1660"]
[BlackElo "1499"]
[Result "0-1"]
[Round "1"]
1.e4 e5
2.Ng1f3 Nb8c6
3.Nb1c3 Ng8f6
4.Bf1c4 Nf6xe4
5.Nc3xe4 d5
6.Bc4b5 dxe4
7.Nf3xe5 Qd8g5
8.Bb5xc6 bxc6
9.Ne5xc6 Qg5xg2
10.Rh1f1 Bc8g4
{ resign }
0-1

[Event "Match"]
[Site "www.echecsemail.com"]
[Date "2015.03.16"]
[Round "1"]
[White "Hardland"]
[Black "Generalfree"]
[WhiteElo "1790"]
[BlackElo "1690"]
[Result "0-1"]
[Round "1"]
1.c4 Nb8c6
2.Ng1f3 g6
3.g3 d6
4.Bf1g2 Bc8d7
5.O-O e5
6.Nb1c3 f6
7.d4 Bf8g7
8.a3 Ng8e7
9.e3 a6
10.Qd1b3 Nc6a5
11.Qb3c2 Na5xc4
12.b3 Nc4b6
13.a4 c6
14.Bc1a3 Nb6c8
15.Nc3e4 Bd7f5
16.Nf3h4 Bf5xe4
17.Bg2xe4 f5
18.Be4h1 e4
19.Ra1b1 b5
20.a5 Qd8xa5
21.Rb1a1 Qa5c7
22.Nh4g2 a5
23.Ng2f4 b4
24.Nf4e6 Qc7d7
25.Ne6xg7 Kf7
26.Ng7xf5 gxf5
27.Ba3b2 d5
28.Rf1e1 Nc8d6
29.Bh1g2 { time. }
0-1

[Event "Match"]
[Site "www.echecsemail.com"]
[Date "2015.03.16"]
[Round "1"]
[White "Ranjachess"]
[Black "Rindrandria"]
[WhiteElo "1660"]
[BlackElo "1590"]
[Result "0-1"]
[Round "1"]
1.e4 g5
2.d4 f6
3.e5 Bf8g7
4.Qd1h5 Kf8
5.Bf1c4 Ng8h6
6.f4 d5
7.exd6 Bc8g4
8.fxg5 Bg4xh5
9.gxh6 Qd8xd6
10.hxg7 Kxg7
11.d5 Qd6b4
12.Nb1c3 Qb4xc4
13.Ng1e2 Bh5xe2
14.Nc3xe2 Qc4xc2
15.b4 Rh8d8
16.Bc1d2 Rd8xd5
17.Ra1d1 Nb8c6
18.Bd2h6 Kxh6
19.Rd1xd5 Nc6xb4
20.Rd5d2 Qc2e4
21.O-O Qe4e3
22.Rf1f2 Qe3xd2
23.Ne2g3 Qd2c1
24.Rf2f1 Qc1c5
25.Kh1 Nb4d3
26.h3 Nd3f2
27.Kh2 Ra8g8
28.Ng3e2 Qc5e5
29.g3 Qe5xe2
30.Rf1g1 Nf2g4
31.Kh1 Qe2h2

0-1

[Event "1/128 Finale"]
[Site "www.chess-mail.com"]
[Date "2015.03.16"]
[Round "1"]
[White "Lastbulwark"]
[Black "Llord"]
[WhiteElo "1799"]
[BlackElo "1760"]
[Result "0-1"]
[Round "1"]
1.d4 Ng8f6
2.c4 Nb8c6
3.Ng1f3 d5
4.cxd5 Nf6xd5
5.e4 Nd5f6
6.d5 Nc6a5
7.Qd1a4 Bc8d7
8.Qa4xa5 b6
 { time }
0-1

[Event "Eq:Slap Shot Mates-BEAC Hungary : "]
[Site "www.chess-mail.com"]
[Date "2015.03.16"]
[Round "1"]
[White "Witpar"]
[Black "Fkarpov"]
[WhiteElo "2680"]
[BlackElo "2000"]
[Result "1-0"]
[Round "1"]
1.d4 Ng8f6
2.c4 g6
3.Nb1c3 Bf8g7
4.e4 O-O
5.Ng1f3 d6
6.Bf1e2 Bc8g4
7.Bc1e3 Nb8c6
8.d5 Nc6e5
9.Nf3xe5 Bg4xe2
10.Qd1xe2 dxe5
11.Ra1d1 a6
12.O-O Qd8c8
13.f3 Nf6h5
14.b3 Nh5f4
15.Qe2d2 Rf8d8
16.g3 Nf4h5
17.Nc3a4 b6
18.Kg2 e6
19.Be3xb6 cxb6
20.Na4xb6 Qc8b7
21.Nb6xa8 Qb7xa8
22.Qd2a5 Nh5f6
23.dxe6 Rd8xd1
24.Rf1xd1 Bg7f8
25.Rd1d8 Qa8b7
26.Qa5c5 Qb7e7
27.Qc5xe7 { resign }
1-0

[Event "Eq:Helvetica B-Los Tercios : "]
[Site "www.chess-mail.com"]
[Date "2015.03.16"]
[Round "1"]
[White "Shihchuliao"]
[Black "E4player"]
[WhiteElo "2040"]
[BlackElo "2480"]
[Result "0-1"]
[Round "1"]
1.d4 Ng8f6
2.Nb1c3 d5
3.h3 e6
4.Bc1f4 Bf8b4
5.a3 Bb4d6
6.Qd1d2 b6
7.Nc3b5 O-O
8.Nb5xd6 cxd6
9.Ng1f3 Bc8a6
10.Qd2b4 Nf6e4
11.h4 Qd8c7
12.c3 Ba6c4
13.Nf3d2 Ne4xd2
14.Kxd2 e5
15.Bf4e3 b5
16.a4 a5
17.Qb4a3 b4
18.cxb4 axb4
19.Qa3xb4 Nb8c6
20.Qb4c3 Qc7b6
21.dxe5 d4
22.Be3xd4 Nc6xd4
23.Ra1a3 dxe5
24.b4 Ra8c8
25.Qc3b2 Nd4b3
26.Ra3xb3 Bc4xb3
27.Qb2xb3 Rf8d8
28.Qb3d3 Qb6xb4
29.Ke3 Qb4f4

0-1

[Event "Fast Game"]
[Site "www.echecsemail.com"]
[Date "2015.03.16"]
[Round "1"]
[White "Pgcbies"]
[Black "Neverless"]
[WhiteElo "2170"]
[BlackElo "2250"]
[Result "1/2-1/2"]
[Round "1"]
1.e4 e5
2.Ng1f3 Nb8c6
3.Bf1b5 a6
4.Bb5a4 Ng8f6
5.O-O Bf8e7
6.Ba4xc6 dxc6
7.d3 Nf6d7
8.Nb1c3 O-O
9.b3 Rf8e8
10.Nc3e2 f6
11.Bc1e3 Nd7f8
12.c3 Nf8g6
13.d4 Be7d6
14.dxe5 Ng6xe5
15.Nf3xe5 Bd6xe5
16.Qd1c2 Qd8e7
17.f3 Be5d6
18.Be3f4 Bc8e6
19.Bf4xd6 cxd6
20.Rf1e1 d5
21.Ne2d4 Qe7d6
22.Nd4xe6 { draw }
1/2-1/2

[Event "Fast Game"]
[Site "www.echecsemail.com"]
[Date "2015.03.16"]
[Round "1"]
[White "Pgcbies"]
[Black "Fanny33"]
[WhiteElo "2170"]
[BlackElo "2160"]
[Result "1/2-1/2"]
[Round "1"]
1.e4 c5
2.Ng1f3 d6
3.d4 cxd4
4.Nf3xd4 Ng8f6
5.Nb1c3 a6
6.Bc1g5 e6
7.f4 h6
8.Bg5h4 Qd8b6
9.Qd1d2 Qb6xb2
10.Ra1b1 Qb2a3
11.f5 Bf8e7
12.fxe6 fxe6
13.Bf1c4 Nf6xe4
14.Nc3xe4 Be7xh4
15.g3 Bh4g5
16.Ne4xg5 hxg5
17.O-O Qa3c5
18.Qd2f2 Nb8c6
19.Nd4xe6 Qc5xf2
20.Rf1xf2 Bc8xe6
21.Bc4xe6 Ra8b8
22.Be6d5 Nc6e5
23.Bd5xb7 Ke7
24.Rf2e2 a5
25.Rb1b5 Kd7
26.Re2e3 g4
27.a4 Ne5f3
{ draw }
1/2-1/2

[Event "Tourn. n8072"]
[Site "www.chess-mail.com"]
[Date "2015.03.17"]
[Round "1"]
[White "Vasylpuzanov"]
[Black "Cardiff"]
[WhiteElo "2080"]
[BlackElo "1960"]
[Result "0-1"]
[Round "1"]
1.e4 c6
2.d4 g6
3.Nb1c3 d5
4.e5 Bf8g7
5.Ng1f3 Bc8g4
6.Bf1e2 e6
7.O-O Ng8e7
8.h3 Bg4xf3
9.Be2xf3 O-O
10.Bc1g5 Nb8d7
11.Nc3e2 Rf8e8
12.Qd1d2 c5
13.c3 cxd4
14.cxd4 Nd7b6
15.b3 Qd8d7
16.a4 a5
{ time. }
0-1

[Event "Tourn. n7981"]
[Site "www.chess-mail.com"]
[Date "2015.03.17"]
[Round "1"]
[White "Seger"]
[Black "Woodpusher2"]
[WhiteElo "2630"]
[BlackElo "2510"]
[Result "0-1"]
[Round "1"]
1.e4 c5
2.Ng1f3 d6
3.g3 Ng8f6
4.d3 g6
5.Bf1g2 Bf8g7
6.O-O Nb8c6
7.Nb1c3 O-O
8.Nc3d5 Bc8e6
9.Nd5xf6 Bg7xf6
10.c3 Qd8b6
11.Qd1c2 Ra8c8
12.Nf3g5 Be6d7
13.f4 Qb6a6
14.Bc1e3 Bf6g7
15.Qc2d2 b6
16.b3 Qa6a5
17.Rf1c1 Qa5a3
18.Qd2f2 Rf8d8
19.Ng5f3 Rc8c7
20.Ra1b1 b5
21.Rc1c2 Rd8e8
22.Rb1f1 Qa3a5
23.d4 cxd4
24.cxd4 Re8c8
25.f5 Nc6b4
26.Rc2xc7 Qa5xc7
27.fxg6 hxg6
28.Qf2d2 Qc7a5
29.Rf1a1 Qa5a3
30.Nf3e1 Bd7e6
31.Bg2f1 a5
32.Bf1xb5 Be6xb3
33.Bb5e2 Bb3xa2
34.Be3f4 Qa3b3
35.Be2g4 Rc8c3
36.e5 dxe5
37.dxe5 Qb3c4
38.Qd2d8 Kh7
39.Ne1f3 Qc4c5
40.Qd8d4 f5
41.Bg4h3 Qc5xd4
42.Nf3xd4 Rc3c5
43.Nd4f3 Ba2d5
44.Bh3g2 Bd5xf3
45.Bg2xf3 Bg7xe5
46.Bf4xe5 Rc5xe5
47.Kf2 Kg7
48.h4 Re5c5
49.Bf3e2 e5
50.Be2d1 e4
51.Ke2 Rc5c3
52.Ra1xa5 Rc3xg3
53.h5 Rg3h3
54.Kd2 Nb4c6
55.Ra5d5 Nc6e7
56.Rd5d7 Kf6
57.hxg6 e3
58.Kd3 Ne7xg6
{ resign }
0-1

[Event "Tourn. n8026"]
[Site "www.chess-mail.com"]
[Date "2015.03.17"]
[Round "1"]
[White "Hali"]
[Black "Amu92"]
[WhiteElo "2150"]
[BlackElo "2140"]
[Result "1-0"]
[Round "1"]
1.e4 c5
2.Ng1f3 d6
3.d4 cxd4
4.Nf3xd4 Ng8f6
5.Nb1c3 a6
6.Bc1g5 e6
7.f4 Qd8b6
8.Qd1d2 Qb6xb2
9.Ra1b1 Qb2a3
10.Rb1b3 Qa3c5
11.Nc3a4 Nf6xe4
12.Qd2d3 Qc5a5
13.Na4c3 Ne4xg5
14.fxg5 Qa5xg5
15.g3 Bf8e7
16.Bf1g2  { time }
1-0

[Event "Tourn. n8026"]
[Site "www.chess-mail.com"]
[Date "2015.03.17"]
[Round "1"]
[White "Difficult"]
[Black "Amu92"]
[WhiteElo "2020"]
[BlackElo "2140"]
[Result "1-0"]
[Round "1"]
1.e4 e5
2.Ng1f3 Ng8f6
3.Nf3xe5 d6
4.Ne5f3 Nf6xe4
5.Qd1e2 Qd8e7
6.d3 Ne4f6
7.Qe2xe7 Bf8xe7
8.Bc1g5 h6
9.Bg5h4 g5
10.Bh4g3 Nf6h5
11.Nb1d2 Nb8c6
12.c3 f5
13.h3 Nh5xg3
14.fxg3  { time }
1-0

[Event "Tourn. n8079"]
[Site "www.chess-mail.com"]
[Date "2015.03.17"]
[Round "1"]
[White "Sorren"]
[Black "Genius7"]
[WhiteElo "1840"]
[BlackElo "1750"]
[Result "1-0"]
[Round "1"]
1.e4 d6
2.d4 g6
3.Ng1f3 Bf8g7
4.Nb1c3 Ng8f6
5.Bf1d3 O-O
6.O-O c6
7.Bc1f4 Bc8g4
8.h3 Bg4xf3
9.Qd1xf3 Nb8d7
10.Rf1e1 e5
11.dxe5 dxe5
12.Bf4g5 h6
13.Bg5h4 Rf8e8
14.Bd3c4 Nd7b6
15.Bc4b3 Qd8e7
16.Ra1d1 Ra8d8
17.Rd1d3 Rd8xd3
18.cxd3 Qe7d6
19.Re1d1 g5
20.Bh4g3 Nf6d7
21.Bb3xf7 { resign }
1-0

[Event "Tourn. n8015"]
[Site "www.chess-mail.com"]
[Date "2015.03.17"]
[Round "1"]
[White "Azulmarino"]
[Black "Genius9"]
[WhiteElo "1550"]
[BlackElo "1510"]
[Result "1/2-1/2"]
[Round "1"]
1.e4 c6
2.c4 d5
3.exd5 cxd5
4.d4 Ng8f6
5.Bf1d3 dxc4
6.Bd3xc4 e6
7.Bc1g5 Bf8b4
8.Bg5d2 Bb4xd2
9.Qd1xd2 O-O
10.Ng1f3 Nb8d7
11.Bc4d3 Nd7b6
12.O-O Bc8d7
13.Nf3g5 Bd7c6
14.Qd2c2 h6
15.Ng5h7 Nf6xh7
16.Bd3xh7 Kh8
17.Rf1e1 Qd8d5
18.Bh7e4 Qd5xd4
19.Be4xc6 bxc6
20.Nb1a3 c5
{ draw }
1/2-1/2

[Event "Tourn. n8024"]
[Site "www.chess-mail.com"]
[Date "2015.03.17"]
[Round "1"]
[White "Greghghs"]
[Black "Badplayer"]
[WhiteElo "2380"]
[BlackElo "2250"]
[Result "1-0"]
[Round "1"]
1.e4 c5
2.Ng1f3 d6
3.d4 cxd4
4.Nf3xd4 Ng8f6
5.Nb1c3 a6
6.f3 e6
7.Bc1e3 Bf8e7
8.Qd1d2 O-O
9.O-O-O Qd8c7
10.g4 Nb8c6
11.h4 Nc6xd4
12.Be3xd4 Rf8d8
13.g5 Nf6e8
14.Nc3a4 Qc7c6
15.Na4b6 Ra8b8
16.h5 f6
17.Bf1h3 fxg5
18.Nb6xc8 Qc6xc8
19.Bd4b6 Ne8c7
20.Bb6xc7 Qc8xc7
21.Bh3xe6 Kh8
22.h6 Be7f6
23.hxg7 Kxg7
24.Qd2h2 Kh8
25.Be6f5 Rd8d7
26.Bf5xd7 Qc7xd7
27.Rd1xd6 { resign }
1-0

[Event "Tourn. n8111"]
[Site "www.chess-mail.com"]
[Date "2015.03.17"]
[Round "1"]
[White "Averoes"]
[Black "Hali"]
[WhiteElo "2140"]
[BlackElo "2200"]
[Result "1-0"]
[Round "1"]
1.d4 d5
2.c4 e6
3.Ng1f3 c6
4.Nb1c3 Ng8f6
5.e3 Nb8d7
6.Bf1d3 dxc4
7.Bd3xc4 b5
8.Bc4d3 a6
9.e4 c5
10.d5 c4
11.dxe6 cxd3
12.exd7 Qd8xd7
13.O-O Bf8b4
14.e5 Bb4xc3
15.bxc3 Nf6e4
16.Nf3d4 O-O
17.Qd1xd3 Bc8b7
18.f3 Ne4c5
19.Qd3e3 Rf8e8
20.Bc1a3 Nc5e6
21.Nd4f5 Ne6c7
22.Qe3g5 Nc7e6
23.Qg5g4 Ra8d8
24.Ba3d6 g6
25.Nf5h6 Kg7
26.Qg4h4 Qd7c6
27.Nh6g4 h5
28.Ng4f6 Re8h8
29.Bd6e7 Rd8d3
30.Nf6e4 Rh8e8
31.Qh4f6 Kg8
32.Ne4d6 Rd3xd6
33.exd6 Ne6c5
34.Rf1e1 Nc5d7
35.Qf6d4 Re8c8
36.Re1e3 Kh7
37.Qd4f4 Qc6d5
38.Be7f6 Nd7xf6
39.Qf4xf6 Rc8c6
40.Re3e8 { resign }
1-0

[Event "Tourn. n8066"]
[Site "www.chess-mail.com"]
[Date "2015.03.17"]
[Round "1"]
[White "Iko"]
[Black "Powerchess"]
[WhiteElo "1470"]
[BlackElo "1360"]
[Result "0-1"]
[Round "1"]
1.e4 g6
2.e5 Bf8g7
3.d4 d6
4.f4 dxe5
5.fxe5 c5
6.c3 cxd4
7.cxd4 Nb8c6
8.Qd1a4 Qd8xd4
9.Bf1b5 Qd4xe5
10.Ng1e2 Bc8d7
11.Bb5c4 Ng8h6
12.Bc1f4 Qe5c5
13.Rh1f1 Qc5b4
14.Qa4xb4 Nc6xb4
15.Nb1a3 O-O
16.O-O-O Bd7f5
17.h3 Ra8c8
18.Ne2c3 Rc8xc4
19.Na3xc4 Rf8c8
20.Bf4xh6 Bg7xh6
21.Nc4d2 Nb4xa2

0-1

[Event "Match"]
[Site "www.echecsemail.com"]
[Date "2015.03.17"]
[Round "1"]
[White "Jjmcbride"]
[Black "Pinehill"]
[WhiteElo "1770"]
[BlackElo "1770"]
[Result "0-1"]
[Round "1"]
1.e4 d5
2.d3 dxe4
3.d4 Ng8f6
4.f3 exf3
5.gxf3 Bc8f5
6.Nb1d2 Qd8xd4
7.Ng1e2 Qd4h4
8.Ne2g3 e6
9.Qd1e2 Bf8d6
10.Bf1g2 Nb8c6
11.O-O Bd6xg3
12.hxg3 Qh4xg3
13.Qe2f2 Qg3xf2
14.Rf1xf2 Bf5xc2
15.Nd2c4 O-O-O
16.Bc1e3 Rd8d1
17.Ra1xd1 Bc2xd1
18.b3 Rh8d8
19.Kf1 Nf6d5
20.Be3d2 Nc6d4
21.Ke1 Bd1xf3
22.Bg2xf3 Nd4xf3
23.Rf2xf3 f5
24.a4 c5
25.Nc4e5 Kc7
26.Ne5d3 b6
27.Nd3b2 h6
28.Nb2c4 Nd5f6
29.Bd2f4 Kd7
30.Nc4e5 Ke8
31.Ne5c6 Rd8d7
32.Bf4b8 a5
33.Rf3e3 Nf6e4
34.Ke2 g5
35.Re3h3 h5
36.Bb8e5 h4
37.Be5h2 Rd7d2
38.Ke1 Rd2d1
39.Ke2 Kf7
40.Nc6e5 Kf6
41.Ne5c4 Kg6
42.Nc4xb6 Rd1d2
43.Kf1 Kh5
44.Nb6c4 Rd2f2
45.Ke1 g4
46.Rh3d3 Rf2xh2
47.Nc4xa5 g3
48.Rd3d7 f4
49.Kf1 f3
50.Na5c4 Rh2h1

0-1

[Event "Match"]
[Site "www.echecsemail.com"]
[Date "2015.03.17"]
[Round "1"]
[White "Generalfree"]
[Black "F14"]
[WhiteElo "1810"]
[BlackElo "1830"]
[Result "1/2-1/2"]
[Round "1"]
1.e4 e5
2.Ng1f3 Nb8c6
3.Bf1c4 Ng8f6
4.Nf3g5 d5
5.exd5 Nc6a5
6.Bc4b5 Bc8d7
7.Qd1e2 c6
8.Qe2xe5 Qd8e7
9.Qe5xe7 Bf8xe7
10.dxc6 Bd7xc6
11.Bb5xc6 Na5xc6
12.d3 O-O
13.Nb1c3 Nf6g4
14.Nc3d5 Be7c5
15.Bc1e3 Ng4xe3
16.fxe3 Ra8d8
17.e4 h6
18.Ng5f3 Rf8e8
19.O-O-O f5
20.Nd5c7 Re8e7
21.Nc7b5 fxe4
22.dxe4 Rd8xd1
23.Rh1xd1 Re7xe4
24.Nb5c3 Re4e7
25.a3 Bc5b6
26.Nc3d5 Re7e2
27.Nd5xb6 axb6
28.Rd1d7 Re2e7
29.Rd7xe7 Nc6xe7
30.a4 Kf7
31.Nf3e5 Ke6
32.Ne5c4 Ne7c8
33.Kd2 Kd5
34.b3 Kc5
35.Nc4e5 Nc8d6
36.Kd3 Nd6f5
37.c3 b5
38.g4 Nf5e7
39.axb5 Kxb5
40.c4 Kb4
41.Kc2 b5
42.cxb5 Kxb5
43.h4 g5
44.hxg5 hxg5
45.Ne5f7 Ne7g8
46.Nf7xg5 Ng8f6
47.Kc3 Nf6xg4
48.Ng5e4 Ng4e5
49.Ne4d6 Kc6
50.Nd6c4 Ne5d7
51.Nc4a5 Kb5
52.b4 Nd7b6
53.Na5b3 Nb6d5
{ draw }
1/2-1/2

[Event "Match"]
[Site "www.echecsemail.com"]
[Date "2015.03.17"]
[Round "1"]
[White "F14"]
[Black "Drdoom"]
[WhiteElo "1850"]
[BlackElo "1740"]
[Result "1-0"]
[Round "1"]
1.d4 d5
2.c4 Nb8c6
3.Nb1c3 e6
4.Ng1f3 h6
5.e3 Ng8f6
6.cxd5 exd5
7.Bf1b5 Bc8d7
8.O-O a6
9.Bb5a4 b5
10.Ba4b3 Bf8e7
11.Nc3xd5 Nf6xd5
12.Bb3xd5 O-O
13.Qd1c2 Bd7e6
14.Bd5xc6 { resign }
1-0

[Event "Match"]
[Site "www.echecsemail.com"]
[Date "2015.03.17"]
[Round "1"]
[White "Generalfree"]
[Black "Carloswhizz"]
[WhiteElo "1790"]
[BlackElo "1780"]
[Result "1-0"]
[Round "1"]
1.e4 e5
2.Ng1f3 Ng8f6
3.Nb1c3 Nb8c6
4.Bf1b5 Bf8e7
5.Bb5xc6 dxc6
6.Nf3xe5 O-O
7.f4 Bc8d7
8.d3 Rf8e8
9.h3 Be7b4
10.Bc1d2 a6
11.a3 Bb4c5
12.b4 Bc5a7
13.Ne5f3 c5
14.bxc5 Ba7xc5
15.e5 Nf6h5
16.d4 Bc5b6
17.Nc3e2 Bd7b5
18.c3 f6
19.g4 Bb5xe2
20.Kxe2 Nh5g3
21.Kd3 Ng3xh1
22.Qd1xh1 c5
23.Ra1b1 Ra8c8
24.Bd2e3 c4
25.Kd2 Re8e6
26.f5 Re6e7
27.e6 Qd8c7
28.g5 fxg5
29.Nf3xg5 h6
30.Ng5f7 Qc7g3
31.Nf7xh6 gxh6
32.Rb1g1 Qg3xg1
33.Qh1xg1 Kf8
34.Be3xh6 Re7g7
35.Qg1xg7 { resign }
1-0

[Event "Match"]
[Site "www.echecsemail.com"]
[Date "2015.03.17"]
[Round "1"]
[White "Nham"]
[Black "Luzhin"]
[WhiteElo "2200"]
[BlackElo "2270"]
[Result "0-1"]
[Round "1"]
1.e4 e5
2.Ng1f3 Nb8c6
3.Bf1c4 Bf8c5
4.c3 d6
5.d4 exd4
6.cxd4 Bc5b6
7.Nb1c3 Ng8f6
8.Bc1e3 Bc8g4
9.Bc4b3 O-O
10.Qd1d3 Nc6b4
11.Qd3c4 Nb4c6
12.Bb3c2 Rf8e8
13.Nf3d2 d5
14.exd5 Nc6xd4
15.Bc2d3 Bg4f5
16.O-O Bf5xd3
17.Qc4xd3 Nf6xd5
18.Be3xd4 Nd5b4
19.Qd3c4 Qd8xd4
20.Qc4xd4 Bb6xd4
21.Nc3b5 Re8e2
22.Rf1d1 Bd4c5
23.Nd2b3 Bc5xf2
24.Kf1 Re2xb2
25.Nb5xc7 Ra8c8
26.Nb3a5 Bf2b6
{ resign }
0-1

[Event "Match"]
[Site "www.echecsemail.com"]
[Date "2015.03.17"]
[Round "1"]
[White "Gambitplayer"]
[Black "Hundegana"]
[WhiteElo "1620"]
[BlackElo "1900"]
[Result "0-1"]
[Round "1"]
1.b3 e5
2.Bc1b2 Nb8c6
3.e3 d5
4.Bf1b5 a6
5.Bb5xc6 bxc6
6.Bb2xe5 Qd8g5
7.Be5g3 Ng8e7
8.Ng1f3 Qg5f6
9.d4 Ra8a7
10.O-O g6
11.Bg3e5 Qf6g7
12.Be5xg7 Bf8xg7
13.Nb1d2 O-O
14.c4 h6
15.Qd1c2 Bc8f5
16.Qc2c3 Kh7
17.Rf1d1 Rf8e8
18.Ra1c1 a5
19.Nd2f1 c5
20.cxd5 Ne7xd5
21.Qc3xc5 Nd5b6
22.Nf1g3 Bf5g4
23.h3 Bg4xf3
24.gxf3 Bg7f8
25.Qc5c6 Re8e6
26.Qc6c3 Bf8b4
27.Qc3d3 Nb6d5
28.Ng3e4 f5
29.Ne4c5 Re6e7
 { time }
0-1

[Event "Match"]
[Site "www.echecsemail.com"]
[Date "2015.03.17"]
[Round "1"]
[White "Staf"]
[Black "Yakke"]
[WhiteElo "1180"]
[BlackElo "1800"]
[Result "0-1"]
[Round "1"]
1.Nb1a3 e5
2.g3 d5
3.d3 Nb8c6
4.Na3b5 a6
5.Nb5c3 d4
6.Nc3e4 Qd8d5
7.Bf1g2 Qd5a5
8.Bc1d2 Qa5b6
9.a3 Qb6xb2
10.Ra1b1 Qb2xa3
11.Rb1b3 Qa3e7
12.h4 h6
13.Qd1a1 Bc8e6
14.Rb3xb7 Be6d5
15.c4 Bd5e6
16.Rb7b5 Ng8f6
17.Ne4c5 Nf6d7
18.Nc5e4 Qe7d8
19.Rb5c5 Bf8xc5
20.Ne4xc5 Nd7xc5
21.Bg2xc6 Be6d7
22.Bc6d5 Bd7e6
23.Bd5c6 Be6d7
24.Bc6d5 Ra8b8
25.Qa1a5 Nc5b3
26.Qa5xa6 O-O
27.e3 Nb3c5
28.Qa6a3 Bd7g4
29.Qa3xc5 Rb8b1
30.Bd2c1 Rb1xc1
31.Kd2 Rc1b1
32.exd4 Qd8b8
33.dxe5 Qb8b2
34.Ke3 Qb2xe5
35.Kd2 Qe5e1
36.Kc2 Qe1c1

0-1

[Event "Match"]
[Site "www.echecsemail.com"]
[Date "2015.03.17"]
[Round "1"]
[White "Rindrandria"]
[Black "Ranjachess"]
[WhiteElo "1590"]
[BlackElo "1660"]
[Result "0-1"]
[Round "1"]
1.e4 e5
2.Qd1h5 d6
3.d4 g6
4.Qh5f3 Ng8f6
5.dxe5 dxe5
6.Qf3c3 Nb8c6
7.Bf1b5 Qd8d6
8.Ng1f3 Nf6xe4
9.Qc3xe5 Qd6xe5
10.Nf3xe5 a6
11.Bb5xc6 bxc6
12.Ne5xc6 Bf8c5
13.b4 Bc5xf2
14.Kd1 Bc8g4

0-1